Buts de Lacazette - Statistiques

Statistiques générales
  • Ce quiz a été pris 141 fois
  • Le résultat moyen est 28 sur 50
Statistiques - réponses
Nombre de buts de Lacazette Clubs % Correct
2 PSG
98%
5 OM
96%
9 LOSC
89%
5 ASSE
87%
2 Manchester City
86%
8 Nice
86%
3 Lens
85%
5 Nantes
83%
13 Montpellier
82%
5 Rennes
82%
5 Monaco
80%
6 Bordeaux
79%
3 Liverpool
79%
2 Chelsea
76%
4 Metz
75%
8 Toulouse
73%
7 Lorient
72%
3 Ajaccio
71%
4 Reims
71%
4 Tottenham
68%
2 Angers
67%
5 Bastia
61%
4 Troyes
61%
7 Caen
60%
5 West Ham
55%
2 Everton
54%
8 Guingamp
54%
4 Nancy
52%
3 Sochaux
51%
4 Valence
51%
3 Dijon
50%
6 Evian Thonon
50%
3 Leicester
49%
3 Newcastle
45%
5 Southampton
41%
2 Brighton
40%
4 Fulham
40%
2 Crystal Palace
39%
2 Ajax
38%
2 AZ Alkmaar
36%
2 Bournemouth
36%
2 Burnley
27%
2 Sheffield
22%
5 West Bromwich
16%
2 Cardiff
14%
2 CSKA Moscou
13%
3 Chambéry
10%
2 Slavia Prague
10%
2 Huddersfield
8%
2 La Suze-sur-Sarthe
2%
Aucun quiz correspondant
Distribution des résultats
% des personnes avec chaque résultat
Percentile par nombre de réponses
Votre historique - résultats
Vous n’avez pas pris ce quiz